[Event "Ordzhonikidze zt 1.9"]
[Site "Ordzhonikidze"]
[Date "2000.06.16"]
[Round "8"]
[White "Kruppa, Yuri"]
[Black "Nosenko, Alexander"]
[Result "1/2-1/2"]
[WhiteElo "2561"]
[BlackElo "2427"]
[EventDate "2000.06.09"]
[PlyCount "81"]

1.d4 f5 2.Nc3 d5 3.Bf4 Nf6 4.e3 c6 5.Nf3 g6 6.Bd3 Nbd7 7.h3 Bg7 8.g4 e6 9.
gxf5 exf5 10.Ne2 Ne4 11.c3 Qe7 12.Qc2 Ndf6 13.Be5 Be6 14.Nf4 Bf7 15.O-O-O 
Rg8 16.Rdg1 Nd7 17.Bxg7 Rxg7 18.h4 O-O-O 19.Kb1 Kb8 20.Bf1 h6 21.Nd3 g5 
22.hxg5 hxg5 23.Nfe5 Be6 24.f3 Nd6 25.Rh6 Nxe5 26.Nxe5 Rdg8 27.Bd3 g4 28.
Qb3 Kc7 29.Qa3 g3 30.Qxa7 g2 31.Qa5+ Kc8 32.Qa8+ Kc7 33.Qa5+ Kc8 34.Qb4 
Kc7 35.Rh2 f4 36.exf4 Qf6 37.Qa5+ Kc8 38.Qa8+ Kc7 39.Qa5+ Kc8 40.Qc5 Kc7 
41.Qa5+ 1/2-1/2

[Event "Ordzhonikidze zt 1.9"]
[Site "Ordzhonikidze"]
[Date "2000.06.16"]
[Round "8"]
[White "Maksimenko, Andrei"]
[Black "Sulypa, Alexandre"]
[Result "1/2-1/2"]
[WhiteElo "2495"]
[BlackElo "2449"]
[EventDate "2000.06.09"]
[PlyCount "139"]

1.e4 e5 2.Nf3 Nc6 3.Bc4 Nf6 4.d3 Bc5 5.O-O d6 6.c3 Bb6 7.Re1 h6 8.h3 O-O 
9.Nbd2 a6 10.a4 Ne7 11.a5 Ba7 12.Nf1 Ng6 13.Ng3 Re8 14.Qb3 Qd7 15.Bd2 c6 
16.d4 Qc7 17.dxe5 Nxe5 18.Nxe5 dxe5 19.Be3 Bxe3 20.Rxe3 Be6 21.Bxe6 Rxe6 
22.Rd3 c5 23.Qc4 g6 24.Nf1 b5 25.axb6 Qxb6 26.Rd2 Rd6 27.Rxd6 Qxd6 28.Ne3 
Qb6 29.b3 Kg7 30.Kh2 a5 31.f3 Rb8 32.Ra3 Rd8 33.Qe2 h5 34.Nc4 Qb5 35.Rxa5 
Qxb3 36.Rxc5 Qxc3 37.Qf2 Qd4 38.Qxd4 exd4 39.h4 d3 40.Nd2 Rd4 41.Kg3 Nd7 
42.Rc3 Ne5 43.Kf4 f6 44.Rc7+ Kg8 45.Ke3 Rd6 46.Ra7 Rd8 47.Ra4 Kf7 48.Rd4 
Ra8 49.f4 Ng4+ 50.Kxd3 Ra3+ 51.Ke2 Re3+ 52.Kf1 Nh2+ 53.Kg1 Ng4 54.Nf3 Re2 
55.e5 fxe5 56.fxe5 Ke7 57.Ra4 Rb2 58.Ra1 Ne3 59.Re1 Ng4 60.e6 Rb6 61.Ng5 
Nh6 62.Re4 Nf5 63.Kh2 Rb2 64.Ra4 Re2 65.Ra7+ Ke8 66.Ra4 Ke7 67.Rb4 Kf6 68.
Rf4 Ke7 69.Kg1 Re5 70.Nf3 1/2-1/2

[Event "Ordzhonikidze zt 1.9"]
[Site "Ordzhonikidze"]
[Date "2000.06.16"]
[Round "8"]
[White "Moroz, Alexander"]
[Black "Mikhaletz, Lubomir"]
[Result "1-0"]
[WhiteElo "2513"]
[BlackElo "2513"]
[EventDate "2000.06.09"]
[PlyCount "117"]

1.e4 Nc6 2.d4 d5 3.Nc3 Nf6 4.e5 Ng8 5.f4 Nh6 6.Nf3 Bg4 7.Be3 Nf5 8.Bf2 e6 
9.Bb5 Bb4 10.h3 Bxf3 11.Qxf3 Nh4 12.Qg3 Ng6 13.a3 Bxc3+ 14.Qxc3 O-O 15.g3 
Qd7 16.O-O a6 17.Bd3 Nce7 18.Qd2 f6 19.h4 f5 20.h5 Nh8 21.Kg2 Nf7 22.Be2 
Nh6 23.Bf3 b6 24.b3 Qe8 25.Qe2 Qb5 26.Qd2 Rab8 27.Rfc1 a5 28.c4 Qd7 29.c5 
Rfc8 30.Bd1 Ng4 31.cxb6 Rxb6 32.Qxa5 Qe8 33.Rxc7 Rxc7 34.Qxb6 Rc6 35.Qb4 
Kf8 36.Bxg4 fxg4 37.Qd2 Qxh5 38.Rc1 Qh3+ 39.Kg1 h5 40.Rxc6 Nxc6 41.f5 h4 
42.fxe6 hxg3 43.Qf4+ Kg8 44.Qxg3 Qxg3+ 45.Bxg3 Nxd4 46.b4 Kf8 47.a4 Ke7 
48.b5 Kxe6 49.b6 Nc6 50.b7 d4 51.a5 Nb8 52.Kf2 Na6 53.Ke2 Kd5 54.Kd2 Ke6 
55.Kd3 Kd5 56.e6 Kxe6 57.Kxd4 Kd7 58.Kd5 g5 59.Bh2 1-0

[Event "Ordzhonikidze zt 1.9"]
[Site "Ordzhonikidze"]
[Date "2000.06.16"]
[Round "8"]
[White "Ovsejevitsch, Sergei"]
[Black "Malakhatko, Vadim"]
[Result "1-0"]
[WhiteElo "2526"]
[BlackElo "2568"]
[EventDate "2000.06.09"]
[PlyCount "71"]

1.d4 Nf6 2.Nf3 e6 3.c4 d5 4.Nc3 Be7 5.Bg5 O-O 6.e3 h6 7.Bxf6 Bxf6 8.Qb3 c6
9.Rd1 Nd7 10.Bd3 Nb6 11.O-O dxc4 12.Bxc4 Nxc4 13.Qxc4 a5 14.Ne5 Qb6 15.Qe2
Qc7 16.f4 g6 17.Ne4 Bg7 18.Rc1 Qe7 19.Rfd1 Rd8 20.Nc5 Qc7 21.h4 b6 22.Ncd3
Bb7 23.h5 gxh5 24.Qxh5 Rd5 25.Nf2 f6 26.e4 Rb5 27.Nfg4 fxe5 28.dxe5 Kh7 
29.Rc3 Rd8 30.Rxd8 Qxd8 31.Rg3 Qf8 32.Nxh6 Bxh6 33.Qg6+ Kh8 34.Rh3 Qg7 35.
Rxh6+ Kg8 36.Qe8+ 1-0

[Event "Ordzhonikidze zt 1.9"]
[Site "Ordzhonikidze"]
[Date "2000.06.16"]
[Round "8"]
[White "Shneider, Aleksandr"]
[Black "Vysochin, Spartak"]
[Result "0-1"]
[WhiteElo "2551"]
[BlackElo "2494"]
[EventDate "2000.06.09"]
[PlyCount "88"]

1.d4 d5 2.c4 c6 3.Nc3 Nf6 4.e3 a6 5.Bd3 b5 6.b3 Bg4 7.Nge2 Bh5 8.e4 b4 9.
e5 bxc3 10.exf6 gxf6 11.Qc2 e5 12.Qxc3 Bd6 13.O-O e4 14.Nf4 Bxf4 15.Bxf4 
exd3 16.Rfe1+ Kd7 17.Qxd3 Bg4 18.cxd5 cxd5 19.Rac1 Be6 20.Rc5 Ra7 21.Qf3 
Qb6 22.Rxd5+ Ke8 23.Rd6 Qb4 24.Qe3 Rd7 25.a3 Qxd6 26.Bxd6 Rxd6 27.f4 Rd5 
28.Qe4 Kf8 29.g4 Rg8 30.h3 f5 31.Qe3 fxg4 32.hxg4 Rxg4+ 33.Kf2 Nc6 34.Qc3 
Nxd4 35.Qb4+ Kg7 36.Rg1 Rxg1 37.Kxg1 h5 38.Qe7 h4 39.Kf2 h3 40.b4 h2 41.
Qh4 Nf5 42.Qg5+ Kf8 43.Qh5 Rd2+ 44.Ke1 Rg2 0-1

[Event "Ordzhonikidze zt 1.9"]
[Site "Ordzhonikidze"]
[Date "2000.06.16"]
[Round "8"]
[White "Timoshenko, Georgy"]
[Black "Zubov, Alexander"]
[Result "1/2-1/2"]
[WhiteElo "2584"]
[BlackElo "2482"]
[EventDate "2000.06.09"]
[PlyCount "82"]

1.e4 c6 2.d4 d5 3.Nc3 dxe4 4.Nxe4 Nd7 5.Ng5 Ndf6 6.c3 e6 7.N1f3 Bd6 8.Bd3 
Qc7 9.Qe2 h6 10.Ne4 Nxe4 11.Qxe4 Nf6 12.Qh4 b6 13.O-O Bb7 14.Re1 O-O-O 15.
Ne5 Qe7 16.b4 Rhe8 17.Qh3 Kb8 18.a4 Nd7 19.f4 Nxe5 20.fxe5 Bc7 21.Bf4 f6 
22.a5 f5 23.Bd2 Rh8 24.a6 Ba8 25.Bf1 g5 26.Qe3 Qd7 27.Bc1 Kc8 28.Bb2 c5 
29.dxc5 Qe7 30.c4 bxc5 31.bxc5 Qd7 32.Bc3 Rh7 33.Be2 g4 34.Qf2 Qc6 35.Bd1 
Qe8 36.Ba4 Bc6 37.Qb2 Rd3 38.Bc2 Rd8 39.Ba4 Rd3 40.Bc2 Rd8 41.Ba4 Rd3 
1/2-1/2

[Event "Ordzhonikidze zt 1.9"]
[Site "Ordzhonikidze"]
[Date "2000.06.16"]
[Round "8"]
[White "Zontakh, Andrey"]
[Black "Neverov, Valeriy"]
[Result "1-0"]
[WhiteElo "2576"]
[BlackElo "2541"]
[EventDate "2000.06.09"]
[PlyCount "79"]

1.e4 c5 2.Nf3 e6 3.d4 cxd4 4.Nxd4 a6 5.Bd3 Ne7 6.O-O Nbc6 7.Nxc6 Nxc6 8.
Be3 Be7 9.c4 Ne5 10.Nc3 b6 11.Be2 d6 12.Qd4 Bf6 13.Qd2 Be7 14.Rfd1 O-O 15.
Rac1 Qc7 16.b3 Rb8 17.f3 Re8 18.Bf1 Bf8 19.Qf2 Bd7 20.Kh1 Qb7 21.Bd4 Nc6 
22.Be3 Ne5 23.Qg3 Rec8 24.a4 Be8 25.Be2 Rc7 26.Bf4 Rc5 27.Be3 Rc7 28.Bf4 
Rbc8 29.Qf2 h6 30.Be3 Nd7 31.Bf4 Ne5 32.Be3 Rc6 33.f4 Nd7 34.Bf3 Qb8 35.e5
dxe5 36.Bxc6 Rxc6 37.f5 Nc5 38.b4 Nd7 39.fxe6 fxe6 40.b5 1-0

[Event "Ordzhonikidze zt 1.9"]
[Site "Ordzhonikidze"]
[Date "2000.06.16"]
[Round "8"]
[White "Zubarev, Alexander"]
[Black "Gritsak, Orest"]
[Result "1-0"]
[WhiteElo "2476"]
[BlackElo "2522"]
[EventDate "2000.06.09"]
[PlyCount "79"]

1.e4 c5 2.Nf3 e6 3.c3 Nf6 4.e5 Nd5 5.Bc4 d6 6.d4 cxd4 7.cxd4 Nb6 8.Bd3 Nc6
9.Bg5 Be7 10.Bxe7 Qxe7 11.Nc3 dxe5 12.dxe5 Nd5 13.Nxd5 exd5 14.O-O O-O 15.
Re1 Rd8 16.h3 Be6 17.a3 d4 18.Qc2 h6 19.Qd2 Rd7 20.Nh2 Rf8 21.f4 f5 22.Nf3
Bd5 23.Qf2 Qe6 24.Rad1 Bc4 25.Kh2 Bxd3 26.Rxd3 Rfd8 27.Qg3 Na5 28.b4 Nc6 
29.b5 Na5 30.Red1 Nb3 31.Qf2 Nc5 32.Rxd4 Ne4 33.Qc2 Rxd4 34.Rxd4 Rc8 35.
Qd3 Kh7 36.Rd8 Rc5 37.Nh4 a6 38.Rf8 Qe7 39.Rxf5 Nf2 40.Qg3 1-0

[Event "Ordzhonikidze zt 1.9"]
[Site "Ordzhonikidze"]
[Date "2000.06.17"]
[Round "9"]
[White "Anapolsky, Sergey"]
[Black "Shneider, Aleksandr"]
[Result "1/2-1/2"]
[WhiteElo "2448"]
[BlackElo "2551"]
[EventDate "2000.06.09"]
[PlyCount "41"]

1.d4 d5 2.Nf3 Nf6 3.c4 e6 4.Nc3 Be7 5.Bg5 O-O 6.e3 h6 7.Bxf6 Bxf6 8.Rc1 c6
9.Bd3 Nd7 10.O-O dxc4 11.Bxc4 e5 12.h3 exd4 13.exd4 Nb6 14.Bb3 Bf5 15.Re1 
Re8 16.Rxe8+ Qxe8 17.Qd2 Qd7 18.Re1 a5 19.a3 Re8 20.Rxe8+ Qxe8 21.Qf4 
1/2-1/2

[Event "Ordzhonikidze zt 1.9"]
[Site "Ordzhonikidze"]
[Date "2000.06.17"]
[Round "9"]
[White "Baklan, Vladimir"]
[Black "Berelowitsch, Alexander"]
[Result "1-0"]
[WhiteElo "2571"]
[BlackElo "2505"]
[EventDate "2000.06.09"]
[PlyCount "81"]

1.e4 e6 2.d4 d5 3.Nc3 Bb4 4.e5 c5 5.a3 Bxc3+ 6.bxc3 Ne7 7.Qg4 O-O 8.Bd3 f5
9.exf6 Rxf6 10.Bg5 Rf7 11.Qh5 g6 12.Qd1 Nbc6 13.Nf3 Qf8 14.O-O c4 15.Be2 
h6 16.Bd2 Nf5 17.g3 Bd7 18.h4 Nd6 19.Ne5 Nxe5 20.dxe5 Nf5 21.Qe1 Ba4 22.
Rc1 Qg7 23.h5 Raf8 24.Kh2 g5 25.Bg4 Bc6 26.Qe2 b5 27.f3 d4 28.Rf2 d3 29.
cxd3 cxd3 30.Qxd3 Qxe5 31.Rg1 Qc5 32.Qe2 Bd5 33.f4 gxf4 34.Rxf4 Kh7 35.Qe5
Qxa3 36.Rgf1 Qa2 37.R4f2 Qc4 38.Be2 Qc5 39.g4 Nd6 40.Rxf7+ Rxf7 41.Be3 1-0

[Event "Ordzhonikidze zt 1.9"]
[Site "Ordzhonikidze"]
[Date "2000.06.17"]
[Round "9"]
[White "Borovikov, Vladislav"]
[Black "Zubarev, Alexander"]
[Result "1/2-1/2"]
[WhiteElo "2472"]
[BlackElo "2476"]
[EventDate "2000.06.09"]
[PlyCount "76"]

1.d4 Nf6 2.Nf3 e6 3.c4 Bb4+ 4.Bd2 Qe7 5.g3 Nc6 6.Nc3 Bxc3 7.Bxc3 Ne4 8.Rc1
O-O 9.Bg2 d6 10.d5 Nxc3 11.Rxc3 Nd8 12.O-O e5 13.c5 dxc5 14.Qc2 b6 15.Re3 
f6 16.Nxe5 fxe5 17.d6 cxd6 18.Bxa8 Ne6 19.Bd5 Kh8 20.Bxe6 Bxe6 21.Rd1 Rd8 
22.Qe4 Qc7 23.f4 Qc8 24.fxe5 d5 25.Qh4 Re8 26.Rf1 Kg8 27.b3 Qd7 28.Ref3 a5
29.Qg5 a4 30.h4 d4 31.h5 Bd5 32.Rf5 axb3 33.axb3 h6 34.Qg6 Be6 35.R5f3 b5 
36.Kh2 Bd5 37.Rf6 Qe7 38.Rd6 Bxb3 1/2-1/2

[Event "Ordzhonikidze zt 1.9"]
[Site "Ordzhonikidze"]
[Date "2000.06.17"]
[Round "9"]
[White "Eingorn, Vereslav S"]
[Black "Zontakh, Andrey"]
[Result "1-0"]
[WhiteElo "2597"]
[BlackElo "2576"]
[EventDate "2000.06.09"]
[PlyCount "141"]

1.c4 e5 2.g3 Nc6 3.Bg2 g6 4.Nc3 Bg7 5.e3 Nf6 6.Nge2 O-O 7.O-O d6 8.b3 Re8 
9.Bb2 h5 10.Nd5 Nxd5 11.cxd5 Ne7 12.d4 c6 13.dxc6 Nxc6 14.Qd2 h4 15.Rad1 
Qe7 16.Nc3 exd4 17.Nd5 Qd8 18.exd4 h3 19.Bf3 Bf5 20.Qf4 Ne7 21.Ne3 d5 22.
Rfe1 Qa5 23.a3 Be6 24.Bg4 Bxg4 25.Qxg4 Nf5 26.Qxh3 Nxe3 27.fxe3 Qb5 28.b4 
a5 29.Qf1 Qxf1+ 30.Kxf1 axb4 31.axb4 Ra2 32.Rb1 Rc8 33.Re2 b5 34.Ke1 Bf8 
35.Bc1 Bxb4+ 36.Rxb4 Rxc1+ 37.Kf2 Rxe2+ 38.Kxe2 Rc2+ 39.Kf3 Rxh2 40.Rxb5 
Rh5 41.g4 Rh3+ 42.Kf2 Kf8 43.Rxd5 Ke7 44.Re5+ Kd6 45.g5 Rh1 46.Ra5 Rh3 47.
Ke2 Ke6 48.Re5+ Kd6 49.Kd3 Rh1 50.Ra5 Rg1 51.Ke4 Rf1 52.Kd3 Rg1 53.e4 Ke6 
54.Ke3 Re1+ 55.Kf3 Rf1+ 56.Ke2 Rg1 57.Kf2 Rd1 58.Ra6+ Ke7 59.Ke3 Rf1 60.d5
Rh1 61.Ra7+ Ke8 62.d6 Rf1 63.Kd4 Kd8 64.Re7 Rf3 65.e5 Rf1 66.e6 fxe6 67.
Ke5 Rd1 68.Kxe6 Re1+ 69.Kf7 Rd1 70.Re6 Kd7 71.Rf6 1-0

[Event "Ordzhonikidze zt 1.9"]
[Site "Ordzhonikidze"]
[Date "2000.06.17"]
[Round "9"]
[White "Kruppa, Yuri"]
[Black "Goloshchapov, Alexander"]
[Result "1/2-1/2"]
[WhiteElo "2561"]
[BlackElo "2561"]
[EventDate "2000.06.09"]
[PlyCount "134"]

1.d4 e6 2.c4 f5 3.g3 Nf6 4.Bg2 c6 5.Qc2 d5 6.Nh3 Bd6 7.O-O O-O 8.Rd1 b6 9.
Bf4 Be7 10.cxd5 cxd5 11.Nc3 Bd7 12.Bg5 Kh8 13.Nf4 Nc6 14.e3 Rc8 15.Rac1 
Qe8 16.Qe2 h6 17.Bxf6 Rxf6 18.Qh5 Qg8 19.Qe2 g5 20.Nd3 Qg7 21.Rc2 f4 22.
Nb1 Rff8 23.Rdc1 fxe3 24.fxe3 Bf6 25.Qe1 h5 26.Nd2 Qh7 27.Nf2 g4 28.Nf1 
Qg6 29.Qd1 Bg5 30.Nd3 Rxf1+ 31.Bxf1 Bxe3+ 32.Nf2 Rf8 33.Bb5 Bxc1 34.Bxc6 
Bxc6 35.Qxc1 Qf6 36.Qe3 Bb5 37.Rc7 Qg6 38.Kg2 Kg8 39.b3 a5 40.a4 Be8 41.
Rb7 Rf3 42.Qe5 Rxb3 43.Re7 Bf7 44.Rc7 Rb2 45.Kf1 Qb1+ 46.Kg2 Qe4+ 47.Qxe4 
dxe4 48.Kf1 Be8 49.Nxe4 Bxa4 50.Nf6+ Kf8 51.Nxh5 Bc2 52.Nf4 Bf5 53.Ra7 
Rxh2 54.d5 e5 55.Ng2 Bd3+ 56.Kg1 Rh7 57.Ra8+ Ke7 58.Ne3 Kd6 59.Rc8 Rc7 60.
Rd8+ Rd7 61.Rc8 Bb5 62.Nxg4 a4 63.Nf6 Rc7 64.Ne4+ Kd7 65.Ra8 Rc1+ 66.Kg2 
Kc7 67.g4 Rf1 1/2-1/2

[Event "Ordzhonikidze zt 1.9"]
[Site "Ordzhonikidze"]
[Date "2000.06.17"]
[Round "9"]
[White "Nosenko, Alexander"]
[Black "Malakhatko, Vadim"]
[Result "0-1"]
[WhiteElo "2427"]
[BlackElo "2568"]
[EventDate "2000.06.09"]
[PlyCount "118"]

1.d4 Nf6 2.Nf3 e6 3.g3 c5 4.c4 cxd4 5.Nxd4 Qc7 6.Nd2 Bc5 7.N2b3 Be7 8.Qc2 
Nc6 9.Bg2 Bb4+ 10.Bd2 Nxd4 11.Nxd4 Bxd2+ 12.Qxd2 Qxc4 13.Rc1 Qa6 14.Qb4 
Qb6 15.Nb5 Kd8 16.Qa4 d6 17.Rc3 Bd7 18.Rb3 Ke7 19.O-O Rhc8 20.Qd4 d5 21.
Qxb6 axb6 22.Nc3 Ra6 23.e4 dxe4 24.Nxe4 Nd5 25.Nc3 Nxc3 26.bxc3 Bc6 27.
Rfb1 Bxg2 28.Kxg2 Rc6 29.R1b2 Kd7 30.Kf3 Kc7 31.Ke3 Ra5 32.Rd2 g5 33.h3 h5
34.a3 Re5+ 35.Kd3 Re1 36.Rb4 Rc1 37.Rc4 Rh1 38.Rd4 Rd6 39.Rxd6 Kxd6 40.
Ke4+ Kc6 41.Ke5 Rxh3 42.Kf6 h4 43.gxh4 gxh4 44.Kxf7 Rf3+ 45.Kxe6 h3 46.a4 
h2 47.Rd6+ Kc5 48.Rd5+ Kc4 49.Rh5 Rxf2 50.Kd6 Kxc3 51.Kc7 Kb4 52.Rh4+ Ka5 
53.Kxb7 b5 54.axb5 Kxb5 55.Kc7 Kc5 56.Kb7 Kd5 57.Kb6 Rb2+ 58.Kc7 Ke5 59.
Kc6 Rc2+ 0-1

[Event "Ordzhonikidze zt 1.9"]
[Site "Ordzhonikidze"]
[Date "2000.06.17"]
[Round "9"]
[White "Rogovski, Vladimir"]
[Black "Mikhaletz, Lubomir"]
[Result "1-0"]
[WhiteElo "2466"]
[BlackElo "2513"]
[EventDate "2000.06.09"]
[PlyCount "120"]

1.e4 c5 2.Nf3 e6 3.d4 cxd4 4.Nxd4 Nf6 5.Nc3 Nc6 6.a3 d6 7.Be2 Be7 8.O-O 
Qc7 9.Kh1 O-O 10.f4 a6 11.Be3 Re8 12.Qe1 Rb8 13.Qg3 Bd7 14.e5 dxe5 15.fxe5
Nxe5 16.Bh6 g6 17.Nf3 Bd6 18.Qh4 Neg4 19.Ng5 Bxh2 20.Bxg4 Bg3 21.Qh3 Nxg4 
22.Qxg4 f5 23.Qh3 Re7 24.Rad1 Rbe8 25.Rd3 Be5 26.Nf3 Bh8 27.Re1 Bc6 28.Bg5
Rf7 29.Red1 h6 30.Bd8 Qf4 31.Bb6 g5 32.Nd4 Bxd4 33.Rxd4 g4 34.Qh5 Qg5 35.
Qxg5+ hxg5 36.Rd8 Rh7+ 37.Kg1 g3 38.Rxe8+ Bxe8 39.Rd3 Bc6 40.Rxg3 g4 41.
Ne2 e5 42.Re3 Re7 43.Bd4 Be4 44.Bc3 Rd7 45.Bxe5 Rd2 46.Bc3 Rd1+ 47.Kf2 Kf7
48.Nd4 Rh1 49.Kg3 Rg1 50.Re2 Kg6 51.Ne6 Rd1 52.Nc5 Bc6 53.Nd3 Kg5 54.Re1 
Rxe1 55.Bxe1 Be4 56.Bd2+ Kf6 57.Kf2 Bd5 58.g3 Ke7 59.Ke3 Kd6 60.Kd4 Be4 
1-0

[Event "Ordzhonikidze zt 1.9"]
[Site "Ordzhonikidze"]
[Date "2000.06.17"]
[Round "9"]
[White "Romanishin, Oleg M"]
[Black "Lerner, Konstantin Z"]
[Result "1-0"]
[WhiteElo "2578"]
[BlackElo "2575"]
[EventDate "2000.06.09"]
[PlyCount "178"]

1.Nf3 c5 2.g3 Nc6 3.Bg2 g6 4.c3 e5 5.d4 cxd4 6.cxd4 e4 7.Ne5 d5 8.Nxc6 
bxc6 9.Qc2 Bd7 10.Nd2 Bg7 11.Nb3 Ne7 12.Bd2 O-O 13.e3 h5 14.Ba5 Qc8 15.
O-O-O Re8 16.Kb1 Rb8 17.h4 Bg4 18.Rc1 Qf5 19.Bc7 Rbc8 20.Bd6 Qd7 21.Ba3 
Nf5 22.Nc5 Qd8 23.Bf1 Nd6 24.Qd2 Bf8 25.Bb4 Rb8 26.Na6 Rc8 27.Rc2 Re6 28.
Ba5 Qe7 29.Nc5 Rf6 30.Ba6 Rb8 31.Rhc1 Ne8 32.Bf1 Bc8 33.Nb3 Bd7 34.Qc3 Bg4
35.Nc5 Bc8 36.Qa3 Nc7 37.Be1 Nb5 38.Qa5 Rb6 39.Ka1 Bh6 40.Qd2 g5 41.Na4 
Rb8 42.Rxc6 Bd7 43.Rxf6 Qxf6 44.Nc5 Be8 45.hxg5 Bxg5 46.Nb3 Qf5 47.Qd1 h4 
48.gxh4 Bxh4 49.f4 Be7 50.Qe2 Rb6 51.Qh2 Rc6 52.Rxc6 Bxc6 53.Qg3+ Kf8 54.
Qh3 Qxh3 55.Bxh3 Ke8 56.Kb1 Nd6 57.Bf1 Bb5 58.Bxb5+ Nxb5 59.Nc1 Nd6 60.Kc2
Nf5 61.Bf2 Kd7 62.Ne2 Kc6 63.Nc3 Bb4 64.Nd1 Ba5 65.a3 Kb5 66.b3 Kc6 67.Nb2
Bd8 68.Na4 Be7 69.Kb2 Nh6 70.Nc3 Nf5 71.Nd1 Kb5 72.Be1 Kb6 73.a4 Kc6 74.
Ba5 Bf6 75.Kc3 Bh4 76.Kd2 Be7 77.Nf2 Nh6 78.Ke2 Bh4 79.Nd1 Be7 80.b4 Ng4 
81.b5+ Kb7 82.Be1 Kc7 83.Nc3 Kd6 84.a5 Bd8 85.Na4 Kc7 86.Bb4 a6 87.bxa6 
Kb8 88.Nb6 Ka7 89.Nxd5 Kxa6 1-0

[Event "Ordzhonikidze zt 1.9"]
[Site "Ordzhonikidze"]
[Date "2000.06.17"]
[Round "9"]
[White "Vysochin, Spartak"]
[Black "Moroz, Alexander"]
[Result "1/2-1/2"]
[WhiteElo "2494"]
[BlackElo "2513"]
[EventDate "2000.06.09"]
[PlyCount "42"]

1.e4 c5 2.c3 e6 3.d4 d5 4.e5 Qb6 5.Nf3 Bd7 6.a3 a5 7.Be2 a4 8.O-O Nc6 9.
dxc5 Bxc5 10.c4 dxc4 11.Nc3 Nd4 12.Bxc4 Ne7 13.Bf4 Bc6 14.Ng5 Ng6 15.Bg3 
h6 16.Nge4 O-O 17.Qg4 Bxe4 18.Nxe4 Nf5 19.Nxc5 Qxc5 20.Bxe6 Nxg3 21.Qxg3 
fxe6 1/2-1/2

[Event "Ordzhonikidze zt 1.9"]
[Site "Ordzhonikidze"]
[Date "2000.06.17"]
[Round "9"]
[White "Zubov, Alexander"]
[Black "Maksimenko, Andrei"]
[Result "1/2-1/2"]
[WhiteElo "2482"]
[BlackElo "2495"]
[EventDate "2000.06.09"]
[PlyCount "32"]

1.d4 d5 2.c4 dxc4 3.Nf3 a6 4.e3 e6 5.Bxc4 c5 6.O-O Nf6 7.dxc5 Qxd1 8.Rxd1 
Bxc5 9.Nbd2 Nbd7 10.Nb3 Be7 11.Bd2 b6 12.Rac1 Bb7 13.Be2 O-O 14.Rc7 Bd5 
15.e4 Bxb3 16.axb3 Bd8 1/2-1/2

[Event "Budapest zt 1.4"]
[Site "Budapest"]
[Date "2000.06.17"]
[Round "1"]
[White "Acs, Peter"]
[Black "Konopka, Michal"]
[Result "1/2-1/2"]
[WhiteElo "2540"]
[BlackElo "2440"]
[EventDate "2000.06.17"]
[PlyCount "157"]

1.e4 e5 2.Nf3 Nf6 3.Nc3 Nc6 4.Bb5 Bb4 5.O-O O-O 6.d3 d6 7.Bg5 Bxc3 8.bxc3 
Qe7 9.Re1 Nd8 10.d4 Ne6 11.Bc1 c6 12.Bf1 Qc7 13.Nh4 Rd8 14.Qd3 b6 15.Qg3 
c5 16.d5 Nf4 17.Qf3 Bg4 18.Qe3 Re8 19.c4 Qc8 20.f3 Bd7 21.g3 Ng6 22.Ng2 
Ba4 23.Qa3 Bd7 24.Ne3 h6 25.Qd3 Nh7 26.Bg2 Ng5 27.h4 Nh7 28.Qf1 Qc7 29.Bh3
Ne7 30.Kh2 Rf8 31.Bxd7 Qxd7 32.g4 g6 33.f4 f6 34.f5 g5 35.Qf2 Rf7 36.Kg2 
Rg7 37.Rh1 Qa4 38.hxg5 hxg5 39.Bd2 Rf8 40.Rh3 Rff7 41.Qf1 Nf8 42.Qd3 Rh7 
43.Rh5 Kg7 44.Rxh7+ Kxh7 45.Nd1 Kg8 46.Nc3 Qd7 47.a4 a5 48.Ne2 Rh7 49.Ng3 
Nc8 50.Nh5 Kf7 51.Qh3 Qe8 52.Rb1 Ke7 53.Qa3 Nd7 54.Rh1 Nf8 55.Qb3 Qd7 56.
Kf2 Kf7 57.Ke2 Ke7 58.Ke1 Rh6 59.Rg1 Rh7 60.Kd1 Kf7 61.Kc1 Ke7 62.Kb2 Kf7 
63.Ka3 Qe8 64.Rh1 Qd7 65.Qb1 Qe8 66.Rh3 Qd7 67.Rb3 Qd8 68.Qc1 Nd7 69.Rh3 
Nf8 70.Qh1 Qe7 71.Qh2 Kg8 72.Qh1 Kf7 73.Rh2 Qd8 74.Qb1 Qe8 75.Qb3 Qd7 76.
Rh1 Ke7 77.Qb2 Kf7 78.Qb5 Qxb5 79.axb5 1/2-1/2

[Event "Budapest zt 1.4"]
[Site "Budapest"]
[Date "2000.06.17"]
[Round "1"]
[White "Bratanov, Zsivko"]
[Black "Horvath, Csaba"]
[Result "1/2-1/2"]
[WhiteElo "2330"]
[BlackElo "2515"]
[EventDate "2000.06.17"]
[PlyCount "42"]

1.d4 Nf6 2.c4 e6 3.Nc3 Bb4 4.e3 c5 5.Bd3 Nc6 6.Ne2 cxd4 7.exd4 d5 8.cxd5 
Nxd5 9.O-O O-O 10.Nxd5 Qxd5 11.a3 Ba5 12.Be3 Rd8 13.Qc2 h6 14.Rfd1 Ne7 15.
Bh7+ Kh8 16.Be4 Qd7 17.Qc5 Bb6 18.Qh5 Qe8 19.Nc3 Ng8 20.Qh4 Qe7 21.Qxe7 
Nxe7 1/2-1/2

[Event "Budapest zt 1.4"]
[Site "Budapest"]
[Date "2000.06.17"]
[Round "1"]
[White "Delchev, Aleksander"]
[Black "Badea, Bela"]
[Result "1-0"]
[WhiteElo "2560"]
[BlackElo "2486"]
[EventDate "2000.06.17"]
[PlyCount "111"]

1.c4 g6 2.g3 Bg7 3.Bg2 d6 4.Nc3 e5 5.e4 Be6 6.Nge2 Qd7 7.d3 Ne7 8.Nd5 c6 
9.Nxe7 Qxe7 10.O-O O-O 11.Be3 c5 12.Rb1 Nc6 13.a3 a5 14.Nc3 Qd7 15.Kh1 
Rfb8 16.b3 Na7 17.b4 axb4 18.axb4 b6 19.b5 Nc8 20.Na4 Ra7 21.Ra1 h5 22.Ra2
Kh7 23.Qd2 Rba8 24.Rfa1 Bf6 25.h4 Kg8 26.Kh2 Kf8 27.Qd1 Ke8 28.Qf1 Bd8 29.
f4 exf4 30.Bxf4 Kf8 31.e5 d5 32.Qh1 Ne7 33.Bg5 Kg7 34.Bxe7 Qxe7 35.cxd5 
Bf5 36.d6 Qxe5 37.Bxa8 Bxh4 38.Qe1 Qxd6 39.Nc3 Re7 40.Be4 Bd7 41.Ra7 Bg5 
42.Nd5 Re5 43.Qc3 Be6 44.Re1 Kh6 45.Bg2 f6 46.Rxe5 fxe5 47.Nf4 Bg4 48.Nh3 
Bxh3 49.Bxh3 h4 50.Kh1 Qf6 51.Qe1 Qf3+ 52.Bg2 Qxd3 53.Qxe5 Qd1+ 54.Kh2 
hxg3+ 55.Kxg3 Qd3+ 56.Bf3 1-0

[Event "Budapest zt 1.4"]
[Site "Budapest"]
[Date "2000.06.17"]
[Round "1"]
[White "Ionescu, Constantin"]
[Black "Horvath, Jozsef"]
[Result "1/2-1/2"]
[WhiteElo "2446"]
[BlackElo "2557"]
[EventDate "2000.06.17"]
[PlyCount "50"]

1.Nf3 c5 2.c4 g6 3.e4 Bg7 4.d4 Qb6 5.dxc5 Qxc5 6.Be2 d6 7.O-O Nc6 8.Nbd2 
Nf6 9.Nb3 Qb6 10.Be3 Qc7 11.Qc2 O-O 12.Nfd4 Ng4 13.Bxg4 Bxg4 14.Rac1 a6 
15.f3 Bd7 16.Rfd1 b6 17.Nxc6 Qxc6 18.Nd4 Qb7 19.Qd2 Rfc8 20.Ne2 Be6 21.b3 
b5 22.c5 dxc5 23.Rxc5 Rxc5 24.Bxc5 Qc7 25.Be3 Rc8 1/2-1/2

[Event "Budapest zt 1.4"]
[Site "Budapest"]
[Date "2000.06.17"]
[Round "1"]
[White "Jaracz, Pawel"]
[Black "Nevednichy, Vladislav"]
[Result "1/2-1/2"]
[WhiteElo "2490"]
[BlackElo "2589"]
[EventDate "2000.06.17"]
[PlyCount "114"]

1.e4 c5 2.Nf3 d6 3.d4 cxd4 4.Nxd4 Nf6 5.Nc3 Nc6 6.Bg5 e6 7.Qd2 a6 8.O-O-O 
Bd7 9.f3 Be7 10.h4 h6 11.Be3 h5 12.Qf2 Ne5 13.Kb1 b5 14.Nce2 Qc7 15.Bg5 
Rb8 16.Ng3 b4 17.Be2 a5 18.Bxf6 Bxf6 19.f4 Ng4 20.Qf3 a4 21.Nxh5 Rxh5 22.
Qxg4 Rh8 23.Qg3 Ke7 24.Rd2 Rhc8 25.Qe3 e5 26.fxe5 Bxe5 27.Rf1 Qc5 28.Nf5+ 
Bxf5 29.Qxc5 Rxc5 30.exf5 Rh8 31.h5 Kf6 32.Bf3 a3 33.b3 Rc3 34.g4 Kg5 35.
Rd3 Rhc8 36.Rxc3 Rxc3 37.Kc1 f6 38.Kd2 Kh4 39.Be2 Kg3 40.Rg1+ Kf2 41.Rf1+ 
Kg2 42.Kd1 Bg3 43.g5 fxg5 44.f6 gxf6 45.Rxf6 Be5 46.Rf5 Bf4 47.Bd3 Rc8 48.
h6 Kf2 49.h7 Re8 50.Be2 d5 51.Rf7 d4 52.Re7 Rxe7 53.h8=Q Rxe2 54.Qxd4+ Be3
55.Qf6+ Bf4 56.Qd4+ Kf3 57.Qd5+ Kf2 1/2-1/2

[Event "Budapest zt 1.4"]
[Site "Budapest"]
[Date "2000.06.17"]
[Round "1"]
[White "Markowski, Tomasz"]
[Black "Balogh, Tomas"]
[Result "1/2-1/2"]
[WhiteElo "2531"]
[BlackElo "2433"]
[EventDate "2000.06.17"]
[PlyCount "94"]

1.g3 Nf6 2.Bg2 d5 3.Nf3 Bg4 4.d3 c6 5.O-O e6 6.c4 Nbd7 7.cxd5 cxd5 8.Nc3 
Bc5 9.Nh4 O-O 10.h3 Bh5 11.g4 Bg6 12.Na4 Be7 13.f4 Ne8 14.Nxg6 hxg6 15.Be3
Nd6 16.Rc1 Qa5 17.Nc3 b5 18.a3 Rfc8 19.Qd2 Qd8 20.Bf2 Nb6 21.e4 dxe4 22.
dxe4 Qe8 23.b3 Nb7 24.e5 Nc5 25.Qc2 Rab8 26.Rfd1 a5 27.Bf1 b4 28.axb4 axb4
29.Ne2 Nd5 30.Qb1 Nd7 31.Bg2 N7b6 32.Qd3 Qf8 33.f5 gxf5 34.gxf5 Bg5 35.
Rxc8 Qxc8 36.fxe6 fxe6 37.Qg6 Bh6 38.h4 Ne7 39.Qg4 Nf5 40.Qxb4 Nd5 41.Qe4 
Rb4 42.Qd3 Rg4 43.Kh1 Rxg2 44.Kxg2 Qb7 45.Kh2 Nde3 46.Bxe3 Nxe3 47.Rg1 Qf3
1/2-1/2

[Event "Budapest zt 1.4"]
[Site "Budapest"]
[Date "2000.06.17"]
[Round "1"]
[White "Meduna, Eduard"]
[Black "Chernin, Alexander"]
[Result "0-1"]
[WhiteElo "2495"]
[BlackElo "2583"]
[EventDate "2000.06.17"]
[PlyCount "74"]

1.d4 e6 2.c4 Nf6 3.Nf3 d5 4.Bg5 dxc4 5.Nc3 Bb4 6.e3 b5 7.a4 c6 8.Be2 Nbd7 
9.O-O Qb6 10.Qc2 Bb7 11.b3 cxb3 12.Qxb3 Bxc3 13.Qxc3 b4 14.Qc2 a5 15.Nd2 
Nd5 16.Nc4 Qc7 17.Bh4 O-O 18.Bg3 Qd8 19.Rfc1 Ba6 20.Bf3 Bxc4 21.Qxc4 Rc8 
22.h3 Re8 23.Qb3 Nc3 24.Rc2 c5 25.Bb7 c4 26.Qb2 Nd5 27.Bxc8 Qxc8 28.e4 
N5b6 29.Bd6 c3 30.Qb3 Qc4 31.Rb1 Qd3 32.Bxb4 axb4 33.a5 Qxe4 34.axb6 Nxb6 
35.Rcc1 Nd5 36.Qc4 Nf4 37.f3 Qe2 0-1